000
00308nam a2200133Ia 4500
003
SISC
005
20180219103726.0
008
180205s9999 xx 000 0 und d
100
_a
Allen, Henry
245
4
_a
The works of edgar allan poe /
260
_a
USA
_c
1927
300
_a
602 pages
942
_2
lcc
_c
BK
999
_c
354788
_d
354788